[Event "IECG WC.2006.P.00001 email"]
[Site "IECG email"]
[Date "2003.01.22"]
[Round "?"]
[White "Fineboim, Igor"]
[Black "Hamacher, Claus"]
[Result "1-0"]
[WhiteElo "2158"]
[BlackElo "2117"]
[PlyCount "51"]
[EventDate "2003.01.22"]
[EventType "tourn (corr)"]
[EventRounds "10"]
[SourceTitle "Corr 2008"]
[Source "ChessBase"]
[SourceDate "2008.06.24"]
[SourceVersion "1"]
[SourceVersionDate "2008.06.24"]
[SourceQuality "1"]

1. Nf3 d5 2. b3 Bg4 3. Bb2 Nd7 4. e3 e5 5. h3 Bxf3 6. Qxf3 Ngf6 7. c4 e4 8. Qd1 c6 9. cxd5 Nxd5 10. Nc3 Nc5 11. Nxd5 Qxd5 12. Rc1 Rd8 13. Rc4 Nd3+ 14. Bxd3 Qxd3 15. Bd4 f5 16. g4 fxg4 17. hxg4 Rd6 18. Rh5 Re6 19. Rc3 Qa6 20. Qc2 c5 21. Bxc5 Bxc5 22. Rcxc5 0-0 23. Rc8 Re7 24. d4 exd3 25. Qxd3 Qf6 26. Qd5+ 1-0

[Event "IECG WC.2006.P.00001 email"]
[Site "IECG email"]
[Date "2003.01.22"]
[Round "?"]
[White "Hamacher, Claus"]
[Black "Poblete, Litos"]
[Result "1-0"]
[WhiteElo "2117"]
[BlackElo "1293"]
[PlyCount "25"]
[EventDate "2003.01.22"]
[EventType "tourn (corr)"]
[EventRounds "10"]
[SourceTitle "Corr 2008"]
[Source "ChessBase"]
[SourceDate "2008.06.24"]
[SourceVersion "1"]
[SourceVersionDate "2008.06.24"]
[SourceQuality "1"]

1. d4 Nf6 2. c4 e6 3. Nf3 b6 4. g3 Bb7 5. Bg2 Be7 6. 0-0 0-0 7. Nc3 Ne4 8. Qc2 Nxc3 9. Qxc3 f5 10. d5 Bf6 11. Qc2 Qe7 12. Nd4 Qf7 13. dxe6 1-0

[Event "IECG WC.2006.P.00001 email"]
[Site "IECG email"]
[Date "2003.01.22"]
[Round "?"]
[White "Zednik, Martin"]
[Black "Hamacher, Claus"]
[Result "0-1"]
[WhiteElo "1806"]
[BlackElo "2117"]
[PlyCount "74"]
[EventDate "2003.01.22"]
[EventType "tourn (corr)"]
[EventRounds "10"]
[SourceTitle "Corr 2008"]
[Source "ChessBase"]
[SourceDate "2008.06.24"]
[SourceVersion "1"]
[SourceVersionDate "2008.06.24"]
[SourceQuality "1"]

1. e4 c5 2. Nf3 Nc6 3. Bb5 d6 4. 0-0 Bd7 5. Re1 Nf6 6. c3 a6 7. Bf1 Bg4 8. d3 e6 9. Nbd2 Be7 10. h3 Bh5 11. g4 Bg6 12. Nh4 Nd7 13. Nxg6 hxg6 14. Nf3 Nde5 15. Nxe5 dxe5 16. Be3 Qc7 17. Qf3 Rd8 18. Rab1 b6 19. a3 a5 20. Red1 g5 21. b3 b5 22. Rdc1 Qb7 23. Qg3 0-0 24. Rb2 Rc8 25. c4 b4 26. Ra1 Ra8 27. Rba2 a4 28. bxa4 b3 29. Rb2 Rxa4 30. Be2 Rfa8 31. Bd1 Rxa3 32. Rab1 Ra1 33. Rxb3 Rxb1 34. Rxb7 Rxb7 35. Kh2 Rb1 36. Bf3 Ra3 37. Bc1 Rxc1 0-1

[Event "IECG LA.2001.0.00001 email"]
[Site "IECG email"]
[Date "2001.05.29"]
[Round "?"]
[White "Hamacher, Claus"]
[Black "Garcia, Hamlet Danilo"]
[Result "1/2-1/2"]
[WhiteElo "2099"]
[BlackElo "2115"]
[PlyCount "53"]
[EventDate "2001.05.29"]
[EventType "tourn (corr)"]
[EventRounds "14"]
[SourceTitle "Corr 2008"]
[Source "ChessBase"]
[SourceDate "2008.06.24"]
[SourceVersion "1"]
[SourceVersionDate "2008.06.24"]
[SourceQuality "1"]

1. c4 Nf6 2. g3 c6 3. Bg2 d5 4. Nf3 Bg4 5. Ne5 Bh5 6. cxd5 Nxd5 7. d4 Nd7 8. Nd3 e6 9. Nc3 Qb6 10. Nxd5 cxd5 11. Nf4 Bg6 12. 0-0 Bd6 13. Nxg6 hxg6 14. b3 Rc8 15. Bb2 0-0 16. Qd3 Rc7 17. Rac1 Rfc8 18. Rxc7 Rxc7 19. Bf3 Nf6 20. e3 Rc6 21. Rc1 Rxc1+ 22. Bxc1 Qa5 23. Qd2 Qxd2 24. Bxd2 Ne4 25. Bxe4 dxe4 26. f3 exf3 27. Kf2 1/2-1/2

[Event "IECG LA.2001.0.00001 email"]
[Site "IECG email"]
[Date "2001.05.29"]
[Round "?"]
[White "Marez, Sebastien"]
[Black "Hamacher, Claus"]
[Result "1/2-1/2"]
[WhiteElo "2107"]
[BlackElo "2099"]
[PlyCount "54"]
[EventDate "2001.05.29"]
[EventType "tourn (corr)"]
[EventRounds "14"]
[SourceTitle "Corr 2008"]
[Source "ChessBase"]
[SourceDate "2008.06.24"]
[SourceVersion "1"]
[SourceVersionDate "2008.06.24"]
[SourceQuality "1"]

1. e4 c5 2. c3 d5 3. exd5 Qxd5 4. d4 Nf6 5. Nf3 Nc6 6. dxc5 Qxc5 7. Na3 e5 8. Be3 Qa5 9. Nc4 Qc7 10. Qa4 Bd7 11. Nb6 Rd8 12. Nxd7 Nxd7 13. Rd1 Be7 14. Bb5 a6 15. Bxc6 Qxc6 16. Qxc6 bxc6 17. Ke2 f5 18. Rhe1 Rb8 19. b3 Rb7 20. Bg5 Bxg5 21. Nxg5 Ke7 22. Rd2 Nf6 23. Nf3 Ke6 24. Red1 Rd7 25. Rxd7 Nxd7 26. Ng5+ Ke7 27. Nf7 Rf8 1/2-1/2

[Event "IECG LA.2001.0.00001 email"]
[Site "IECG email"]
[Date "2001.05.29"]
[Round "?"]
[White "Oestergaard, Allan"]
[Black "Hamacher, Claus"]
[Result "1/2-1/2"]
[WhiteElo "2100"]
[BlackElo "2099"]
[PlyCount "88"]
[EventDate "2001.05.29"]
[EventType "tourn (corr)"]
[EventRounds "14"]
[SourceTitle "Corr 2008"]
[Source "ChessBase"]
[SourceDate "2008.06.24"]
[SourceVersion "1"]
[SourceVersionDate "2008.06.24"]
[SourceQuality "1"]

1. e4 e5 2. Nf3 Nc6 3. d4 exd4 4. Nxd4 Nf6 5. Nc3 Bb4 6. Nxc6 bxc6 7. Bd3 d5 8. 0-0 Bxc3 9. bxc3 dxe4 10. Qe2 0-0 11. Bxe4 Re8 12. Bg5 Bf5 13. f3 Qe7 14. Rae1 Bxe4 15. Bxf6 Qxf6 16. Qe3 Qf5 17. fxe4 Qa5 18. Rd1 Qxa2 19. Rd7 a5 20. Qc5 Qe6 21. Rxc7 a4 22. Ra7 f6 23. Rxa8 Rxa8 24. Qb4 c5 25. Qxc5 Qxe4 26. Ra1 h6 27. Qd4 Qe5 28. h3 a3 29. Kf2 Qf5+ 30. Kg1 h5 31. Qc4+ Kh8 32. Qd3 Qe5 33. Qd4 Kh7 34. Qb4 a2 35. Qd4 Ra5 36. Qc4 Qb8 37. Qb3 Qa7+ 38. Kh2 h4 39. Qb4 Ra4 40. Qb3 Qa5 41. Qf7 Kh6 42. Qb3 g6 43. Qb2 Kh5 44. c4 Qe5+ 1/2-1/2

[Event "IECG C1.2001.0.00333"]
[Site "IECG email"]
[Date "2001.01.28"]
[Round "?"]
[White "Hamacher, Claus"]
[Black "Rosner, Dirk"]
[Result "1/2-1/2"]
[WhiteElo "2108"]
[BlackElo "2129"]
[PlyCount "56"]
[EventDate "2001.01.28"]
[EventType "tourn (corr)"]
[EventRounds "6"]
[SourceTitle "Corr 2008"]
[Source "ChessBase"]
[SourceDate "2008.06.24"]
[SourceVersion "1"]
[SourceVersionDate "2008.06.24"]
[SourceQuality "1"]

1. c4 c5 2. g3 Nc6 3. Bg2 Nf6 4. Nc3 e6 5. Nf3 d5 6. cxd5 exd5 7. d4 cxd4 8. Nxd4 Bb4 9. 0-0 0-0 10. Bg5 Be6 11. Rc1 Rc8 12. Nxc6 bxc6 13. Qd4 c5 14. Qh4 Bxc3 15. Rxc3 h6 16. Bxf6 Qxf6 17. Qxf6 gxf6 18. Rfc1 c4 19. Rd1 Rc5 20. e4 dxe4 21. Bxe4 Ra5 22. a3 Rb8 23. Rd2 Re5 24. Bf3 Reb5 25. Rcc2 Kg7 26. Kg2 Ra5 27. Rd4 Rab5 28. Be2 Rxb2 1/2-1/2

[Event "IECG C1.2001.0.00333"]
[Site "IECG email"]
[Date "2001.01.28"]
[Round "?"]
[White "Rios, Antonio"]
[Black "Hamacher, Claus"]
[Result "1/2-1/2"]
[WhiteElo "2110"]
[BlackElo "2108"]
[PlyCount "67"]
[EventDate "2001.01.28"]
[EventType "tourn (corr)"]
[EventRounds "6"]
[SourceTitle "Corr 2008"]
[Source "ChessBase"]
[SourceDate "2008.06.24"]
[SourceVersion "1"]
[SourceVersionDate "2008.06.24"]
[SourceQuality "1"]

1. e4 e5 2. Nf3 Nc6 3. Bb5 a6 4. Ba4 Nf6 5. 0-0 Nxe4 6. Re1 Nc5 7. Bxc6 dxc6 8. d4 Ne6 9. Nxe5 Be7 10. Be3 0-0 11. Nc3 f6 12. Nd3 Re8 13. Ne2 Qd5 14. b3 b5 15. Rc1 Bb7 16. c4 Qd7 17. Qc2 a5 18. a4 Rad8 19. axb5 cxb5 20. d5 a4 21. Rcd1 Nf8 22. Nc5 Bxc5 23. Bxc5 Ng6 24. Nc3 Qg4 25. Rxe8+ Rxe8 26. f3 axb3 27. Qxb3 Qxc4 28. Qxb5 Qxb5 29. Nxb5 Rc8 30. Nc3 Rd8 31. g3 Kf7 32. Kf2 Ne7 33. Bxe7 Kxe7 34. Ke3 1/2-1/2